Prvá svadba na žakovskej fare

Bibliographic Details
Main Author: Kohútová, Magdaléna (Author)
Format: Article
Language:Slovak
PhysicalDescription:Fotogr.
Subjects:

MARC

LEADER 00000nab a2200000 a 4500
001 vtls000674422
003 SK-MaSNL
005 20260302190443.0
008 180206c1998 xo 0 slo
015 |a SNBRB1998/11-23912 
035 |a CLN000026598 
040 |a SNKBUCL  |b slo  |c SNKBUCL  |e AACR2 
041 0 |a slo 
044 |a xo  |c SK 
080 |a 061.235(437.6):28  |2 UDC-MRF-SK2 
100 1 |a Kohútová, Magdaléna  |4 aut  |9 882179 
245 1 0 |a Prvá svadba na žakovskej fare  |c Magdaléna Kohútová 
300 |b Fotogr. 
610 7 |a Inštitút Krista Veľkňaza (občianske združenie : Žakovce, Slovensko)  |2 snkbucl  |9 904575 
655 7 |a články z novín a časopisov  |2 snkbucl  |9 267496 
773 0 |t Fakty  |g Roč. 5, č. 45 (1998), s. 12-13 
850 |a Slovenská národná knižnica v Martine 
852 |a SNK  |b KIS3GCP 
958 |a RBX 
999 |c 1433413  |d 1435343